000 00650nam a2200229Ia 4500
003 OSt
005 20221005070006.0
006 a|||||r|||| 00| 0
007 ta
008 221004b |||||||| |||| 00| 0 san d
024 _a43058
037 _cTextual
040 _aCRL
_cCRL
_bsan
041 _2san
_asan
082 _aO15wM80, K0
100 _aVelankar Shriram Bhikaji
_9605194
245 0 _aJiwan sagar
_b A lyrical homage to M M Dr P V Kane
260 _aMumbai
_bM. Bhatvadeker India
_c1960
650 _aSANSKRIT LITERATURE
942 _hO15wM80, K0
_cTEXL
_2cc
999 _c975508
_d975508